Anuario 1974-1975 / (Record no. 185943)

MARC details
000 -LEADER
campo de control de longitud fija 00607nam a2200157 i 4500
001 - NÚMERO DE CONTROL
campo de control 185943
003 - IDENTIFICADOR DE NÚMERO DE CONTROL
campo de control ES-MaACL
005 - FECHA Y HORA DE LA ÚLTIMA TRANSACCIÓN
campo de control 20230906222541.0
008 - DATOS DE LONGITUD FIJA--INFORMACIÓN GENERAL
campo de control de longitud fija 160829s1975 sp |||| | spa d
110 0# - ENTRADA PRINCIPAL--NOMBRE DE ENTIDAD CORPORATIVA
Nombre de entidad corporativa o nombre de jurisdicción como elemento de entrada Universidad Complutense de Madrid.
Unidad subordinada Facultad de Ciencias Matemáticas.
9 (RLIN) 7117
245 10 - MENCIÓN DEL TÍTULO
Título Anuario 1974-1975 /
Mención de responsabilidad, etc. Universidad Complutense de Madrid, Facultad de Ciencias Matemáticas.
260 ## - PUBLICACIÓN, DISTRIBUCIÓN, ETC.
Lugar de publicación, distribución, etc. Madrid :
Nombre del editor, distribuidor, etc. Universidad Complutense de Madrid, Facultad de Ciencias Matemáticas,
Fecha de publicación, distribución, etc. 1975.
300 ## - DESCRIPCIÓN FÍSICA
Extensión 117 p. ;
Dimensiones 24 cm.
650 #4 - PUNTO DE ACCESO ADICIONAL DE MATERIA--TÉRMINO DE MATERIA
Término de materia o nombre geográfico como elemento de entrada Enseñanza superior-
Subdivisión geográfica Madrid.
9 (RLIN) 143672
852 ## - LOCALIZACIÓN
Ubicación ES-MaACL
Número de control de estantería E-8837
Holdings
Estatus retirado Estado de pérdida Estado de daño No para préstamo Biblioteca de origen Biblioteca actual Ubicación en estantería Fecha de adquisición Fuente de adquisición Total de préstamos Signatura topográfica completa Código de barras Visto por última vez Precio de reemplazo Tipo de ítem Koha
        Biblioteca del Ateneo de Madrid Biblioteca del Ateneo de Madrid Depósito 2 29/08/2016     E-8837 1196027 23/02/2023 23/02/2023 Libro impreso